Lapensée de Saint Paul (Registro nro. 86228)

Detalles MARC
000 -ENCABEZADO
Número de control [NR] 00770nam a22002297a 4500
008 - DE LONGITUD FIJA DE DATOS DE ELEMENTOS - INFORMACIÓN GENERAL
Elementos de longitud fija [NR] 130821s1941 xxu gr dfre
040 ## - FUENTE DE CATALOGACION [NR]
Agencia de catalogación original [NR] Co-BoUCM
Idioma de catalogación [NR] spa
041 00 - CODIGO DE IDIOMA [R]
Código de idioma para texto/pista de sonido o título separado [R] Francés
100 ## - ASIENTO PRINCIPAL--NOMBRE PERSONAL [NR]
Nombre personal [NR] Maritain, Jacques
ID Autoridad 97221
245 03 - MENCION DE TITULO [NR]
Título [NR] Lapensée de Saint Paul
Mención de responsabilidad, etc. [NR] Par Jacques Maritain
260 ## - PUBLICACION, DISTRIBUCION, ETC. (PIE DE IMPRENTA) [R]
Lugar de publicación, distribución, etc. [R] Nueva York (Estados Unidos)
Nombre del editor, distribuidor, etc. [R] Editions de la Maison Franaise
Fecha de publicación, distribución, etc. [R] 1941
300 ## - DESCRIPCION FISICA [R]
Extensión [R] 252 páginas
500 ## - NOTA GENERAL [R]
Nota general [NR] Notas a pie de página. -- Incluye índice
600 ## - ASIENTO SECUNDARIO DE MATERIA - NOMBRE PERSONAL [R]
Nombre personal [NR] Pablo
Títulos y otras palabras asociadas con el nombre [R] Santo
9 (RLIN) 2519
600 ## - ASIENTO SECUNDARIO DE MATERIA - NOMBRE PERSONAL [R]
Nombre personal [NR] Pablo
Títulos y otras palabras asociadas con el nombre [R] Santo
Subdivisión de forma [R] Biografías
9 (RLIN) 149823
600 ## - ASIENTO SECUNDARIO DE MATERIA - NOMBRE PERSONAL [R]
Nombre personal [NR] Santos
9 (RLIN) 2852
600 ## - ASIENTO SECUNDARIO DE MATERIA - NOMBRE PERSONAL [R]
Nombre personal [NR] Santos
Subdivisión de forma [R] Biografías
9 (RLIN) 2852
650 04 - ASIENTO SECUNDARIO DE MATERIA - TERMINO TEMATICO [R]
Término temático o nombre geográfico como elemento de entrada [NR] Biografías
9 (RLIN) 7343
650 04 - ASIENTO SECUNDARIO DE MATERIA - TERMINO TEMATICO [R]
Término temático o nombre geográfico como elemento de entrada [NR] Filosofía cristiana
9 (RLIN) 15743
942 ## - ELEMENTOS DE ENTRADA AGREGADOS (KOHA)
Tipo de ítem principal el descrito en 300a Libro
Tema principal Biografías
Edición 1
Parte restante de la signatura top. M17
Título oculto en OPAC No
Sistema de clasificación DEWEY
Clasificación 922.22
Existencias
Signatura topográfica Código de barras Última vez visto Ejemplar Price effective from Tipo de ítem Perdido Sistema de clasificación Dañado No prestable Tipo de ítem específico Suprimido Ubicación habitual Ubicación actual Localización Fecha de creación Forma de adquisición Costo
FCS 922.22 M17 120001756 10/07/2012 Ej.1 03/02/2013 Libro   DEWEY     Fondos especiales     Archivo Histórico Archivo histórico 28/02/2003 Donación 1000.00